<?xml version="1.0" encoding="UTF-8"?>
<record
    xmlns:xsi="http://www.w3.org/2001/XMLSchema-instance"
    xsi:schemaLocation="http://www.loc.gov/MARC21/slim http://www.loc.gov/standards/marcxml/schema/MARC21slim.xsd"
    xmlns="http://www.loc.gov/MARC21/slim">

  <leader>00905nam a2200253 n 4500</leader>
  <controlfield tag="003">OSt</controlfield>
  <controlfield tag="005">20220414123925.0</controlfield>
  <controlfield tag="008">220414s1988    my ao  e     o000 0 eng d</controlfield>
  <datafield tag="020" ind1=" " ind2=" ">
    <subfield code="q">hardback</subfield>
  </datafield>
  <datafield tag="040" ind1=" " ind2=" ">
    <subfield code="a">PPAK</subfield>
    <subfield code="b">eng</subfield>
    <subfield code="c">PPAK</subfield>
    <subfield code="e">rda</subfield>
  </datafield>
  <datafield tag="082" ind1="0" ind2="4">
    <subfield code="2">23</subfield>
    <subfield code="a">390.095954</subfield>
  </datafield>
  <datafield tag="090" ind1="0" ind2="0">
    <subfield code="a">390.095954</subfield>
    <subfield code="b">CUS</subfield>
    <subfield code="d">KAO</subfield>
  </datafield>
  <datafield tag="110" ind1=" " ind2=" ">
    <subfield code="a">Sarawak (Malaysia). Publicity and Film Sub-Committee.</subfield>
  </datafield>
  <datafield tag="245" ind1="0" ind2="0">
    <subfield code="a">CUSTOMS AND TRADITIONS OF THE PEOPLES OF SARAWAK/</subfield>
    <subfield code="c">Sarawak (Malaysia). Publicity and Film Sub-Committee.</subfield>
  </datafield>
  <datafield tag="264" ind1=" " ind2="1">
    <subfield code="a">[Kuching] : </subfield>
    <subfield code="b">Publicity and Film Sub-Committee, .</subfield>
    <subfield code="c">1988</subfield>
  </datafield>
  <datafield tag="300" ind1=" " ind2=" ">
    <subfield code="a">xxiii, 256 pages :</subfield>
    <subfield code="b">colour photographs ;</subfield>
    <subfield code="c">26 cm.</subfield>
  </datafield>
  <datafield tag="336" ind1=" " ind2=" ">
    <subfield code="2">rdacontent</subfield>
    <subfield code="a">text</subfield>
  </datafield>
  <datafield tag="337" ind1=" " ind2=" ">
    <subfield code="2">rdamedia</subfield>
    <subfield code="a">unmediated</subfield>
  </datafield>
  <datafield tag="338" ind1=" " ind2=" ">
    <subfield code="2">rdacarrier</subfield>
    <subfield code="a">volume</subfield>
  </datafield>
  <datafield tag="650" ind1="1" ind2="0">
    <subfield code="a">Ethnology</subfield>
    <subfield code="z">Malaysia </subfield>
    <subfield code="z">Sarawak.</subfield>
  </datafield>
  <datafield tag="650" ind1="2" ind2="0">
    <subfield code="a">Indigenous peoples </subfield>
    <subfield code="z">Malaysia</subfield>
    <subfield code="z">Sarawak</subfield>
  </datafield>
  <datafield tag="650" ind1="2" ind2="0">
    <subfield code="a">Sarawak (Malaysia) </subfield>
    <subfield code="v">Social life and customs.</subfield>
  </datafield>
  <datafield tag="942" ind1=" " ind2=" ">
    <subfield code="2">ddc</subfield>
    <subfield code="c">B</subfield>
  </datafield>
  <datafield tag="999" ind1=" " ind2=" ">
    <subfield code="c">187696</subfield>
    <subfield code="d">187696</subfield>
  </datafield>
  <datafield tag="952" ind1=" " ind2=" ">
    <subfield code="0">0</subfield>
    <subfield code="7">1</subfield>
    <subfield code="b">JT</subfield>
    <subfield code="c">KAO</subfield>
    <subfield code="d">2022-06-08</subfield>
    <subfield code="o">KAO 390.095954 CUS</subfield>
    <subfield code="p">KAO001113</subfield>
    <subfield code="r">2022-06-08 00:00:00</subfield>
    <subfield code="y">B</subfield>
  </datafield>
</record>
